000 00657nam a2200205 i 4500
001 18811
003 ES-MaACL
007 t|
008 020318s1997 sp ||||0| spa j
020 _a84-87784-19-4
040 _aM-BN
_bspa
_cM-BN
080 _a338.48(460)
100 1 _aVila Fradera, Jorge.
_9114722
245 1 3 _aLa gran aventura del turismo en España
_b: vivencias y reflexiones de un observador durante casi medio siglo /
_cJorge Vila Fradera.
250 _a1ª ed.
260 _aBarcelona :
_bEditur,
_c1997.
300 _a382 p., [16] p. de lám. ;
_c24 cm.
650 1 4 _aTurismo-
_zEspaña.
_917668
852 _aES-MaACL
_jG-4639
_bR.130960
999 _c18811
_d18811